Guess the 1960s song lyrics #251 - Statistics

General Stats
  • This quiz has been taken 24 times
  • The average score is 161 of 290
Answer Stats
Answer % Correct
I
95%
so
95%
the
95%
a
90%
and
90%
And
90%
do
86%
he
86%
In
86%
in
86%
my
86%
of
81%
Of
81%
on
81%
to
81%
When
81%
when
81%
am
76%
be
76%
by
76%
just
76%
Just
76%
no
76%
that
76%
boy
71%
but
71%
for
71%
hear
71%
me
71%
more
71%
are
67%
from
67%
go
67%
man
67%
Simon and Garfunkel
67%
than
67%
was
67%
We
67%
we
67%
where
67%
Where
67%
All
62%
him
62%
his
62%
not
62%
or
62%
Or
62%
out
62%
told
62%
were
62%
boxer
57%
every
57%
have
57%
is
57%
it
57%
know
57%
poor
57%
some
57%
there
57%
though
57%
took
57%
what
57%
would
57%
come
52%
get
52%
gone
52%
I'm
52%
la
52%
only
52%
they
52%
They
52%
aren't
48%
hears
48%
New
48%
Now
48%
seldom
48%
story's
48%
times
48%
City
43%
down
43%
Goin
43%
Going
43%
home
43%
I'll
43%
left
43%
stands
43%
wants
43%
clearing
38%
family
38%
leaving
38%
Still
38%
still
38%
that's
38%
anger
33%
aveneue
33%
comfort
33%
fighter
33%
Lie
33%
lie
33%
lonesome
33%
lookin
33%
Looking
33%
once
33%
people
33%
promises
33%
remains
33%
reminders
33%
rest
33%
strange
33%
strangers
33%
Such
33%
trade
33%
York
33%
cried
29%
cut
29%
declare
29%
disregards
29%
full
29%
less
29%
low
29%
pocket
29%
quiet
29%
same
29%
shame
29%
till
29%
After
24%
Asking
24%
carries
24%
clothes
24%
company
24%
jest
24%
job
24%
laid
24%
laying
24%
Leading
24%
mumbles
24%
offers
24%
quarters
24%
ragged
24%
railway
24%
resistance
24%
Runnin
24%
scared
24%
Seeking
24%
squandered
24%
station
24%
wages
24%
whores
24%
winter
24%
winters
24%
wishing
24%
workman's
24%
bleeding
19%
glove
19%
lies
19%
older
19%
places
19%
poorer
19%
years
19%
younger
19%
7th
14%
Nor
10%
changes
5%
unusual
5%
upon
5%
evenly
0%
rockin
0%
rolling
0%
No matching quizzes found
Score Distribution
Percent of People with Each Score
Percentile by Number Answered
Your Score History
You have not taken this quiz